| 000 | 00383nam a2200169Ia 4500 | ||
|---|---|---|---|
| 008 | 210210b1934 xxu||||| |||| 00| 0 eng d | ||
| 041 | _aeng | ||
| 082 | _a829/1274 | ||
| 100 | _aWODEHOUSE (P G) | ||
| 245 | _aThank you Jeeves | ||
| 260 |
_aLondon _bNot Mentioned _c1934 |
||
| 650 | _ayou | ||
| 650 | _aThank | ||
| 650 | _aJeeves | ||
| 690 | _aEnglish Fiction | ||
| 906 | _a017884 | ||
| 999 |
_c118748 _d118748 |
||